000 00940cam a2200205 4500
001 WB3723-17
008 000000n2001 000 0 eng u
035 _a(Sirsi) u113054
245 _aHSE recognises value of asbestos website
260 _c2001
490 _aContract Journal
_v409(6330) 6 June 2001, 2(1)
490 _aContract Journal
_v409(6332) 20 June 2001, 7(1)
520 _aAsbestosRegister.com is near to gaining industry recognition after the Health & Safety Executive (HSE) included it in proposals for the European Agency work Programme 2002. The site is a national database listing buildings which contain asbestos. However, HSE confirms that it will never endorse a commercial asbestos register.
590 _aWB
650 _aMANAGEMENT-HEALTH AND SAFETY-HAZARDOUS SUBSTANCES-ASBESTOS
650 _aASBESTOS REGISTER
650 _aHEALTH AND SAFETY EXECUTIVE
690 _aHEALTH AND SAFETY
_96244
942 _n0
999 _c67297
_d67297